Представление документа в формате RUSMARC

ПолеНазваниеЗначение
  Тип записи a
  Библиографический уровень m
001 Контрольный номер 209aa48edccd47e69e6096e95569052f
005 Дата корректировки 20260618110422.6
010 Индекс ISBN __
a ISBN 978-5-91921-342-0
b Уточнения в пер.
100 Данные общей обработки __
a Данные общей обработки 20220601d2020 c y1rusy028902 ca
101 Язык документа 0_
a Язык текста rus
102 Страна публикации __
a Страна публикации RU
105 Кодированные данные (монография) __
a Кодированные данные (монография) y z 000ay
181 Поле кодированных данных: вид содержания _0
a Код вида содержания (ISBD) i
182 Поле кодированных данных: тип средства _0
a Код типа средства (ISBD) n
200 Заглавие и сведения об ответственности 1_
a Заглавие Волшебная сказка
e Сведения, относящиеся к заглавию [повесть : в 2 книгах]
f Первые сведения об ответственности Лидия Чарская
203 Вид содержания и тип средства __
a Вид содержания Текст
c Тип средства непосредственный
210 Выходные данные 1_
a Место издания Москва
c Издательство Чинар
d Дата издания 2020
215 Физическое описание __
d Формат 21 см
225 Серия 2_
a Серия Круг чтения
e Сведения, относящиеся к заглавию серии издание для слабовидящих
330 Аннотация __
a Аннотация "Волшебная сказка" - одна из самых трогательных повестей Лидии Чарской. Наденька Таирова довольно бедна, но в мечтах видит себя богатой и важной девицей, владелицей шикарного дома и бесчисленных нарядов. Волею судьбы красивая девочка попадается на глаза богатой бездетной барыне, и та берет ее на воспитание. Вроде бы Надины мечты сбываются, но волшебная сказка, в которую попала девочка, скоро теряет свою прелесть: в петергофском доме воспитанницу воспринимают как игрушку, ставя в один ряд с комнатной собачкой и ручным попугаем. Наконец прозрев, девочка все чаще вспоминает свою небогатую, но честную и искреннюю семью...
333 Примечание о целевом назначении __
a Примечание о целевом назначении 6+. Для детей старше шести лет
606 Тематические рубрики __
a Основная рубрика Художественная литература
2 Код системы nlr_sh
606 Тематические рубрики __
a Основная рубрика Русская литература XIX в. (произведения)
2 Код системы nlr_sh
606 Тематические рубрики __
a Основная рубрика Русская литература XX в. (произведения)
2 Код системы nlr_sh
610 Ключевые слова 0_
a Ключевые слова детская литература
610 Ключевые слова 0_
a Ключевые слова детская проза
610 Ключевые слова 0_
a Ключевые слова повести
610 Ключевые слова 0_
a Ключевые слова тема богатых
610 Ключевые слова 0_
a Ключевые слова тема бедности
610 Ключевые слова 0_
a Ключевые слова тема взаимоотношений
610 Ключевые слова 0_
a Ключевые слова тема взросления
610 Ключевые слова 0_
a Ключевые слова тема девочек
610 Ключевые слова 0_
a Ключевые слова тема переживаний
610 Ключевые слова 0_
a Ключевые слова тема семьи
610 Ключевые слова 0_
a Ключевые слова чтение для слабовидящих
610 Ключевые слова 0_
a Ключевые слова книги для незрячих
686 Индексы других классификаций __
2 Код системы rubbks
a Классификационный индекс ст84(2=411.2)1-4я0
700 Автор _1
a Фамилия Чарская
b Имя Л. А.
f Даты 1875-1937
g Полное личное имя Лидия Алексеевна
4 Код отношения 070
801 Источник записи _0
a Страна RU
b Организация Муниципальное бюджетное учреждение культуры "Централизованная библиотечная система" г. Сургут (Центральная городская библиотека им. А. С. Пушкина)
c Дата составления 20220601
g Правила каталогизации PSBO
801 Источник записи _1
a Страна RU
b Организация Муниципальное бюджетное учреждение культуры "Централизованная библиотечная система" г. Сургут (Центральная городская библиотека им. А. С. Пушкина)
c Дата составления 20220601
g Правила каталогизации PSBO
852 Данные о местонахождении __
j Шифр хранения ст84(2=411.2)1-4я0
i Авторский знак Ч-22
901 Тип документа __
t Тип документа v
a Ответственный ООФиК/Волкова
903 Характеристики (МАРС) __
a Дата передачи 20220601
c Наименование библиотеки (МАРС) Муниципальное бюджетное учреждение культуры "Централизованная библиотечная система" г. Сургут (Центральная городская библиотека им. А. С. Пушкина)